• 首页
  • 本馆介绍
  • 公告通知
  • 最新文献
  • 馆藏检索
  • 电子资源
  • 读者导购
  • 参考咨询
  • 我的图书馆
  • 登录
  • 详细信息显示
  • 放入我的书架
  • 预约/预借图书
  • 作者相关作品
  • 分类相关作品
  • 丛书相关作品
  • 出版社相关作品

书目信息

  • 表格格式
  • 工作单格式
  • 卡片格式
题名:
中国古代教育家语录类编
    
 
作者: 顾树森 编著
分册: 下册  
出版信息: 上海   上海教育出版社  1983
页数: 315页
开本: 21cm
丛书名:
单 册:
中图分类: G529.2 , G40 , G40-092.2
科图分类:
主题词: 教育家--语录--中国--古代
电子资源:
ISBN:
000 00694nam0 2200253 450
001 1550302900
005 20150127135906.09
010    @dCNY1.25
091    @a7150.1239@dCNY1.05
100    @a20070926d1983 em y0chiy0121 ea
101 0  @achi
102    @aCN@b310000
105    @ay z 000yd
200 1  @a中国古代教育家语录类编@9zhong guo gu dai jiao yu jia yu lu lei bian@h下册@f顾树森编著
205    @a第2版
210    @a上海@c上海教育出版社@d1983
215    @a315页@d21cm
606 0  @a教育家@x语录@y中国@z古代
690    @aG529.2@v5
690    @aG40@v4
690    @aG40-092.2@v5
701  0 @a顾树森@9gu shu sen@4编著
801  0 @aCN@bTSSF@c20150127
905    @aZUCC@dG40@eJY93:2=2
    
    中国古代教育家语录类编.下册/顾树森编著.-第2版.-上海:上海教育出版社,1983
    315页;21cm
    
    
    ISBN :CNY1.25
    
●
相关链接 在E读中查询图书 在五车中查询图书 在当当中查询图书 在豆瓣中查询图书


正题名:中国古代教育家语录类编     索取号:G40/JY93:2=2         预约/预借

序号 登录号 条形码 馆藏地/架位号 状态 备注
1 7838064   278380645   学院路分馆/ [索取号:G40/JY93:2=2] 在馆    
唐山师范学院图书馆 欢迎您!
大连网信软件有限公司© 版权所有